Normal view MARC view

Entry Nome pessoal

Number of records used in: 1

001 - NÚMERO DE CONTROLE

  • campo de controle: 678

003 - IDENTIFICADOR DO NÚMERO DE CONTROLE

  • campo de controle: Br

005 - DATA E HORÁRIO DA ÚLTIMA TRANSAÇÃO

  • campo de controle: 20250327104348.0

008 - CAMPO DE DADOS FIXOS

  • campo de controle de tamanho fixo: 101020|| acnnnaab| aaaa d

035 ## - NÚMERO DE CONTROLE DO SISTEMA

  • Número de Controle do Sistema: 101020916443441210

040 ## - FONTE DA CATALOGAÇÃO

  • Instituição da catalogação original: Br
  • Instituição que transcreveu o registro: Br
  • Idioma da catalogação: por

100 1# - CABEÇALHO--NOME PESSOAL

  • Nome pessoal: Zola, Émile,
  • Datas associadas ao nome: 1840-1902

400 0# - REMISSIVA VER--NOME PESSOAL

  • Nome pessoal: Zola
  • Datas associadas ao nome: 1840-1902

400 0# - REMISSIVA VER--NOME PESSOAL

  • Nome pessoal: Jolla
  • Datas associadas ao nome: 1840-1902

400 0# - REMISSIVA VER--NOME PESSOAL

  • Nome pessoal: Tso-la
  • Datas associadas ao nome: 1840-1902

400 0# - REMISSIVA VER--NOME PESSOAL

  • Nome pessoal: Cholla
  • Datas associadas ao nome: 1840-1902

400 1# - REMISSIVA VER--NOME PESSOAL

  • Nome pessoal: Zola, Emil
  • Datas associadas ao nome: 1840-1902

400 1# - REMISSIVA VER--NOME PESSOAL

  • Nome pessoal: Zola, Émile Édouard Charles Antoine
  • Datas associadas ao nome: 1840-1902

400 1# - REMISSIVA VER--NOME PESSOAL

  • Nome pessoal: Zola, Emilio
  • Datas associadas ao nome: 1840-1902

400 1# - REMISSIVA VER--NOME PESSOAL

  • Nome pessoal: Zolah, Emil
  • Datas associadas ao nome: 1840-1902

400 1# - REMISSIVA VER--NOME PESSOAL

  • Nome pessoal: Zuo, La
  • Datas associadas ao nome: 1840-1902

400 0# - REMISSIVA VER--NOME PESSOAL

  • Nome pessoal: Zuola
  • Datas associadas ao nome: 1840-1902

400 1# - REMISSIVA VER--NOME PESSOAL

  • Nome pessoal: Zola, Émile-Edouard-Charles-Antoine
  • Datas associadas ao nome: 1840-1902

670 ## - FONTE POSITIVA DOS DADOS

  • Citação da fonte positiva dos dados: Sec. de: Amicis, Edmondo. Ricordo di Parigi.

670 ## - FONTE POSITIVA DOS DADOS

  • Citação da fonte positiva dos dados: LC 42/62
  • Dados encontrados na fonte localizada no subcampo: (D.)

670 ## - FONTE POSITIVA DOS DADOS

  • Citação da fonte positiva dos dados: LC microf. 77/81

670 ## - FONTE POSITIVA DOS DADOS

  • Citação da fonte positiva dos dados: LC name auth. 77/86
  • Dados encontrados na fonte localizada no subcampo: (D.)

670 ## - FONTE POSITIVA DOS DADOS

  • Citação da fonte positiva dos dados: BN Opale
  • Dados encontrados na fonte localizada no subcampo: (D.)

670 ## - FONTE POSITIVA DOS DADOS

  • Citação da fonte positiva dos dados: https://authorities.loc.gov/ 05/09/2019
  • Dados encontrados na fonte localizada no subcampo: (rems. ; intelectual literário francês; romancista)

670 ## - FONTE POSITIVA DOS DADOS

  • Citação da fonte positiva dos dados: https://catalogue.bnf.fr/ark:/12148/cb119297200 05/09/2019
  • Dados encontrados na fonte localizada no subcampo: (romancista; dramaturgo; crítico de arte; literário; jornalista)

670 ## - FONTE POSITIVA DOS DADOS

  • Citação da fonte positiva dos dados: https://pt.wikipedia.org/wikiÉmile_Zola 05/09/2019
  • Dados encontrados na fonte localizada no subcampo: (nasceu em Paris, 02 de abril de 1840 e faleceu em Paris, 29 de setembro de 1902; consagrado escritor francês, considerado criador e representante mais expressivo da Escola Literária Naturalista além de uma importante figura libertária da França)

670 ## - FONTE POSITIVA DOS DADOS

  • Citação da fonte positiva dos dados: https://www.ebiografia.com/emile_zola/ 05/09/2019
  • Dados encontrados na fonte localizada no subcampo: (rem.; criador do romance "experimental", que desejava que sua obra modificasse a sociedade)

Powered by Koha